Biblioteca

La cruz de Cristo / Juan Kessler (Registro nro. 34355)

Detalles MARC
000 -LÍDER
Campo fijo de descripción fija 003310000a22001450004500
041 0# - CÓDIGO DE IDIOMA
Código de idioma para texto/pista de sonido o título separado
001 - NÚMERO DE CONTROL
Campo de control 3715
100 1# - ASIENTO PRINCIPAL--NOMBRE PERSONAL
Nombre personal Kessler, Juan
245 10 - TÍTULO
Título del Material La cruz de Cristo / Juan Kessler
260 ## - PUBLICACIÓN, DISTRIBUCIÓN, ETC. (PIE DE IMPRENTA)
Lugar de publicación, distribución, etc. San José, Costa Rica : IINDEF
300 ## - DESCRIPCIÓN FÍSICA
Extensión 88 Pag
650 14 - ASIENTO SECUNDARIO DE MATERIA - TERMINO TEMÁTICO
Término temático o nombre geográfico como elemento de entrada REDENCION - ENSEÑANZA BIBLICA
942 ## - TIPO DE MATERIAL (KOHA)
Tipo de Item KOHA Libros General
Existencias
Estado de Material Estado de Perdido Estado de Dañado No para Préstamo Colección Tomo Biblioteca de Origen Biblioteca Permanente Fecha de Adquisición Total de Préstamos Signatura Topográfica Código de Barras Última vez visto Ejemplar/Existencia Fecha de Remplazo Tipo de Material
        Colección Folletos   Biblioteca FUSBC Biblioteca FUSBC 02/12/2004   AV 0017 3209 12/12/2019 1 26/01/2016 Documentos Archivo Vertical

Biblioteca FUSBC | Teléfono: (57+4) 349 88 10 Ext. 141| WhatsApp (+57) 3005338115 
E-mail: biblioteca@unisbc.edu.co | Calle 76 87-14 Robledo Palenque, Medellín, Colombia

Con tecnología Koha